Meranie cenovej elasticity dopytu vybraných tovarov
Charakteristika elasticity dopytu. Výpočet elasticity dopytu a matematický tvar funkcie dopytu. Zobrazenie modelov funkcií dopytu 12%-ného piva ako jednoduché ekonometrické modely.
Salvato in:
| Autore principale: | |
|---|---|
| Natura: | Capitolo di libro |
| Lingua: | slovacco |
| Soggetti: | |
| Tags: |
Nessun Tag, puoi essere il primo ad aggiungerne!!
|
MARC
| LEADER | 00000naa$a2200000$$$4500 | ||
|---|---|---|---|
| 001 | 0064239 | ||
| 005 | 20240502071742.6 | ||
| 041 | 0 | |a slo | |
| 044 | |a SK | ||
| 245 | 1 | 0 | |a Meranie cenovej elasticity dopytu vybraných tovarov |c Jana Ščepková |
| 520 | |a Charakteristika elasticity dopytu. Výpočet elasticity dopytu a matematický tvar funkcie dopytu. Zobrazenie modelov funkcií dopytu 12%-ného piva ako jednoduché ekonometrické modely. | ||
| 610 | 2 | 0 | |a dopyt |
| 610 | 2 | 0 | |a spotrebitelia |
| 610 | 2 | 0 | |a funkcie dopytové |
| 610 | 2 | 0 | |a tovar |
| 100 | 1 | |a Ščepková, Jana | |